| 000 -NÁVESTIE |
| fixed length control field |
00282nam a2200121 a 4500 |
| 008 - ÚDAJE S PEVNOU DĹŽKOU – VŠEOBECNÉ INFORMÁCIE |
| fixed length control field |
101213s1958|||| d |
| 020 ## - MEDZINÁRODNÉ ŠTANDARDNÉ ČÍSLO KNIHY (ISBN) |
| Údaje o dostupnosti |
10 |
| 044 ## - KÓD KRAJINY VYDAVATEĽA/PRODUCENTA |
| Kód krajiny MARC |
xo |
| Kód krajiny ISO |
SK |
| 041 ## - KÓD JAZYKA |
| Kód jazyka textu/zvukovej stopy alebo samostatných nápisov |
slo |
| 100 1# - OSOBNÉ MENÁ – VŠEOBECNÉ INFORMÁCIE |
| Osobné meno |
Pospíšil, Juraj |
| 245 10 - NÁZOV |
| Názov |
Nauka o harmónii |
| Číslo časti diela |
4 |
| 260 ## - VYDAVATEĽSKÉ ÚDAJE, DISTRIBÚCIA ATĎ. |
| Názov vydavateľa, distibútora atď. |
SDĽUT |
| Miesto publikovania, distribúcie atď. |
Bratislava |
| Dátum publikovania, distribúcie atď. |
1958 |